[Event "Porto Sant Elpidio op-B 16th"]
[White "Santinelli, Michele"]
[Black "Agostinelli, Matteo"]
[Site "Porto Sant Elpidio"]
[Round "5"]
[Result "0-1"]
[Date "2013.11.24"]
[WhiteElo "1832"]
[BlackElo "1715"]
[PlyCount "148"]
[EventDate "2013.11.16"]
[EventType "swiss"]
[EventRounds "6"]
[EventCountry "ITA"]
[SourceTitle "EXT 2015"]
[Source "ChessBase"]
[SourceDate "2014.11.20"]
[SourceVersion "1"]
[SourceVersionDate "2014.11.20"]
[SourceQuality "1"]

1. Nf3 Nf6 2. d4 g6 3. Bg5 Bg7 4. Nbd2 d6 5. e4 0-0 6. Be2 c5 7. c3 Nfd7 8. 0-0 Nc6 9. d5 Nce5 10. Nxe5 Nxe5 11. f4 Nd7 12. Nc4 Nb6 13. Kh1 Nxc4 14. Bxc4 a6 15. a4 Kh8 16. Qe2 Qc7 17. f5 Bd7 18. Bxe7 Rfe8 19. f6 Rxe7 20. fxe7 Be8 21. Qf3 Qxe7 22. Rf2 Be5 23. Bd3 Qh4 24. g3 Qh6 25. a5 Rd8 26. Re1 Rd7 27. Qe3 Qxe3 28. Rxe3 Rc7 29. Bc4 Kg8 30. Ref3 Re7 31. Kg2 Bd7 32. h3 Bg7 33. Re2 Be5 34. Bd3 Be8 35. Bc2 Bb5 36. Re1 Rc7 37. Ra1 Bc4 38. Ba4 f5 39. Bc2 fxe4 40. Bxe4 Re7 41. Re3 Bg7 42. Ra4 Bb3 43. Ra3 Bc4 44. Ra1 Kh8 45. Rae1 Bh6 46. Rf3 Kg7 47. Kf2 Bg5 48. h4 Bf6 49. Rfe3 Rf7 50. Kg2 Bd8 51. Bf3 Bxa5 52. Re7 Bd8 53. Rxf7+ Kxf7 54. Re6 Bc7 55. h5 Bd3 56. hxg6+ hxg6 57. Be4 Bxe4+ 58. Rxe4 Bd8 59. Kf3 Bf6 60. Re6 Be5 61. g4 b5 62. Ke4 Bh2 63. g5 Bg3 64. Rf6+ Kg7 65. Rf3 Be5 66. Rf1 a5 67. Ra1 a4 68. Rf1 b4 69. cxb4 cxb4 70. Rf2 a3 71. bxa3 bxa3 72. Kd3 Bb2 73. Kc2 Bd4 74. Re2 a2 0-1

[Event "Porto Sant Elpidio op-B 16th"]
[White "Agostinelli, Matteo"]
[Black "Skrijely, Edin"]
[Site "Porto Sant Elpidio"]
[Round "2"]
[Result "1-0"]
[Date "2013.11.17"]
[WhiteElo "1715"]
[BlackElo "1713"]
[PlyCount "55"]
[EventDate "2013.11.16"]
[EventType "swiss"]
[EventRounds "6"]
[EventCountry "ITA"]
[SourceTitle "EXT 2015"]
[Source "ChessBase"]
[SourceDate "2014.11.20"]
[SourceVersion "1"]
[SourceVersionDate "2014.11.20"]
[SourceQuality "1"]

1. d4 b6 2. c4 Bb7 3. Nc3 e6 4. a3 Nf6 5. f3 Be7 6. e4 0-0 7. Be3 d5 8. Bd3 dxe4 9. fxe4 Nbd7 10. Nf3 Ng4 11. Bf4 c5 12. d5 e5 13. Bd2 Bc8 14. 0-0 Ndf6 15. Qe1 a6 16. h3 Qd6 17. hxg4 Nxg4 18. Qg3 b5 19. Nh2 bxc4 20. Bxc4 Nxh2 21. Qxh2 f5 22. exf5 Bxf5 23. Rae1 Bg6 24. Rxf8+ Bxf8 25. Qxe5 Qb6 26. d6+ Kh8 27. Qd5 Bxd6 28. Qxa8+ 1-0

[Event "Morrovalle op 3rd"]
[White "Agostinelli, Matteo"]
[Black "Pelagatti, Alessandro"]
[Site "Trodica di Morrovalle"]
[Round "1"]
[Result "0-1"]
[Date "2013.08.16"]
[WhiteElo "1729"]
[BlackElo "2192"]
[PlyCount "76"]
[EventDate "2013.08.16"]
[EventType "swiss"]
[EventRounds "5"]
[EventCountry "ITA"]
[SourceTitle "EXT 2015"]
[Source "ChessBase"]
[SourceDate "2014.11.20"]
[SourceVersion "1"]
[SourceVersionDate "2014.11.20"]
[SourceQuality "1"]

1. d4 d5 2. c4 Nc6 3. Nc3 dxc4 4. e3 e5 5. Nf3 Bg4 6. Bxc4 Nf6 7. Qb3 Bd6 8. Nb5 0-0 9. Bd2 Bxf3 10. gxf3 exd4 11. exd4 Qe7+ 12. Qe3 Rae8 13. 0-0-0 a6 14. Qxe7 Bxe7 15. Nxc7 Rc8 16. Bf4 Nh5 17. Nd5 Nxf4 18. Nxf4 Bg5 19. Kb1 Bxf4 20. d5 Ne5 21. Be2 Rfd8 22. Rd4 Ng6 23. h4 Be5 24. Rb4 b5 25. a4 Nf4 26. Re4 Rxd5 27. axb5 axb5 28. Re1 Nxe2 29. R4xe2 Bd6 30. Re3 h5 31. Rb3 b4 32. Rbe3 Rd2 33. R3e2 Rcc2 34. Rxd2 Rxd2 35. Re4 Rxf2 36. Rd4 Be7 37. Re4 b3 38. Kc1 Bf6 0-1